Superbowl's First Touchdown - Statistics

General Stats
  • This quiz has been taken 33 times
    29 since last reset
  • The average score is 12 of 26
Answer Stats
SB# / TEAM / POS Answer % Correct
XL / PIT / QB Ben Roethlisberger
75%
XXIX / SF / WR Jerry Rice
75%
XLVIII / SEA / RB Marshawn Lynch
75%
XXVIII / BUF / RB Thurman Thomas
71%
XXVII / BUF / RB Thurman Thomas
71%
XXIV / STL / WR Torry Holt
71%
XXXII / GB / WR Antonio Freeman
67%
LI / ATL / RB Devonte Freeman
67%
XXXVIII / NE / WR Deion Branch
63%
XXXIX / PHI / TE L.J. Smith
58%
XXXVII / TB / FB Mike Alstott
58%
50 / DEN / DT Malik Jackson
54%
XLV / GB / WR Jordy Nelson
50%
XLVI / NYG / WR Victor Cruz
50%
XLI / CHI / WR Devin Hester
42%
LII / PHI / WR Alshon Jeffery
38%
XXX / DAL / TE Jay Novacek
33%
XLIV / IND / WR Pierre Garcon
33%
XXVI / NE / CB Ty Law
33%
XLVII / BAL / WR Anquan Boldin
29%
XXXV / BAL / WR Brandon Stokley
29%
XXXI / GB / WR Andre Rison
17%
XLIX / NE / WR Brandon LaFell
17%
XLIII / PIT / RB Gary Russell
13%
XLII / NE / RB Laurence Maroney
13%
XXXIII / DEN / RB Howard Griffith
8%
No matching quizzes found
Score Distribution
Percent of People with Each Score
Percentile by Number Answered
Your Score History
You have not taken this quiz since the last reset